Normal view
MARC view
Entry Personal Name
001 - CONTROL NUMBER
- control field: 1237723
003 - CONTROL NUMBER IDENTIFIER
- control field: OSt
005 - DATE AND TIME OF LATEST TRANSACTION
- control field: 20260430150519.0
008 - FIXED-LENGTH DATA ELEMENTS
- fixed length control field: 260430|| aca||aabn | a|a d
040 ## - CATALOGING SOURCE
- Original cataloging agency: OSt
- Transcribing agency: OSt
100 ## - HEADING--PERSONAL NAME
- Personal name: Neha Vimal Au.; Seth Rakesh Kumar Gu
670 ## - SOURCE DATA FOUND
- Source citation: Work cat.: (OSt)1849962: Neha Vimal Au.; Seth Rakesh Kumar Gu., Potential Role of Radiation Hormesis in Imporving the Quality of Moths to be Employed in Inherited Sterility Technique for the Management of a Serious Lepidopteran Pest Spodoptera Litura (Fabr.), 2022
